000
00243nam a22000977a 4500
999
_c
261463
_d
261462
020
_a
9780689839146
100
_a
Avi Wortis
245
_a
Things That Sometimes Happen
260
_a
New YORK
_b
Atheneum Books For Young Readers
_c
1970
942
_c
BK